Osobistości ery PRL na zdjęciach - Statystyki

Ogólne statystyki
  • Ten quiz został rozwiązany 1 072 razy
  • Średni wynik to 13 z 28
Statystyki odpowiedzi
Obrazkowy Odpowiedź % Poprawnych
Wojciech Jaruzelski
97%
Lech Wałęsa
91%
Edward Gierek
86%
Władysław Gomułka
86%
Antoni Macierewicz
84%
Bolesław Bierut
83%
Jerzy Popiełuszko
81%
Stefan Wyszyński
76%
Jerzy Urban
71%
Tadeusz Mazowiecki
61%
Kazimierz Deyna
56%
Jacek Kuroń
53%
Adam Michnik
44%
Czesław Kiszczak
44%
Józef Cyrankiewicz
42%
Edward Ochab
38%
Stanisław Kania
36%
Władysław Kozakiewicz
36%
Kazimierz Górski
35%
Konstanty Rokossowski
31%
Mirosław Hermaszewski
28%
Karol Świerczewski
17%
Wanda Wasilewska
16%
Mieczysław Moczar
14%
Hilary Minc
10%
Karol Modzelewski
9%
Zygmunt Berling
8%
Leszek Kołakowski
4%
Nie znaleziono quizów pasujących do podanych kryteriów
Rozkład punktacji
Procent ludzi z każdym wynikiem
Percentyl według liczby udzielonych odpowiedzi
Twoja historia wyników
Nie rozwiązałeś tego quizu